000 00292nam a22001337a 4500
003 SGT
082 _a370
_bP14K
100 _aKAMBLE, DR. RAJESH
245 _aPOPULATION EDUCATION
260 _aNEW DELHI
_bKHEL SAHITYA KENDRA
_c2014
300 _a268
650 _aEDUCATION
942 _2ddc
_cBK
999 _c12304
_d12304